[Event "4NCL/Div2c/WWKS1 vs. SAMS"]
[Site "Sunningdale ENG"]
[Date "2010.05.01"]
[Round "9.1"]
[White "Thomas, Nicholas"]
[Black "Ris, Robert"]
[Result "0-1"]
[WhiteElo "2291"]
[BlackElo "2422"]
[PlyCount "60"]
[EventDate "2010.05.01"]
[SourceDate "2009.10.24"]

1. e4 e5 2. Nf3 Nc6 3. d4 exd4 4. Bc4 Nf6 5. O-O Bc5 6. e5 d5 7. exf6 dxc4 8.
Re1+ Be6 9. Ng5 Qd5 10. Nc3 Qf5 11. Nce4 O-O-O 12. g4 Qe5 13. Nxe6 fxe6 14.
fxg7 Rhg8 15. Bh6 d3 16. c3 Bd6 17. f4 Qd5 18. Qf3 Be7 19. Rad1 Bf6 20. Qe3
Bxg7 21. Bxg7 Rxg7 22. h3 Rf8 23. Ng5 Nd8 24. b3 b5 25. bxc4 bxc4 26. Nf3 Nc6
27. Ng5 Nd8 28. Rb1 Rxg5 29. fxg5 Rf3 30. Qe4 d2 0-1

[Event "4NCL/Div2c/WWKS1 vs. SAMS"]
[Site "Sunningdale ENG"]
[Date "2010.05.01"]
[Round "9.2"]
[White "Rendle, Thomas E"]
[Black "Mason, Donald J"]
[Result "1/2-1/2"]
[WhiteElo "2396"]
[BlackElo "2223"]
[PlyCount "37"]
[EventDate "2010.05.01"]
[SourceDate "2009.10.24"]

1. e4 c5 2. Nc3 a6 3. f4 d6 4. Nf3 Nf6 5. Be2 e6 6. O-O Be7 7. Qe1 Nc6 8. d3
Qc7 9. Qg3 g6 10. e5 Nh5 11. Qf2 f5 12. exf6 Nxf6 13. Ng5 Nd4 14. Bd1 Bd7 15.
Be3 h6 16. Nge4 Nf5 17. Kh1 O-O-O 18. Bd2 d5 19. Nxf6 1/2-1/2

[Event "4NCL/Div2c/WWKS1 vs. SAMS"]
[Site "Sunningdale ENG"]
[Date "2010.05.01"]
[Round "9.3"]
[White "Pitcher, John"]
[Black "Martyn, Rafe"]
[Result "1-0"]
[WhiteElo "2193"]
[BlackElo "2290"]
[PlyCount "83"]
[EventDate "2010.05.01"]
[SourceDate "2009.10.24"]

1. e4 d5 2. exd5 Qxd5 3. Nc3 Qa5 4. d4 Nf6 5. Nf3 Bf5 6. Bd2 c6 7. Ne4 Qc7 8.
Nxf6+ gxf6 9. g3 e6 10. Bg2 Be4 11. O-O Nd7 12. Re1 Bd5 13. Qe2 Nb6 14. b3 f5
15. c4 Bxf3 16. Qxf3 Bg7 17. Qxf5 Bxd4 18. Rad1 O-O-O 19. Qa5 Na8 20. Qh5 Qe7
21. Bf4 Bc3 22. Rxd8+ Rxd8 23. Rc1 Bd2 24. Bxd2 Rxd2 25. Qxh7 Qf6 26. Rf1 Nb6
27. a4 Nd7 28. b4 Kc7 29. Qe4 a5 30. bxa5 Nc5 31. Qe3 Qd4 32. Qg5 Kb8 33. Qg8+
Ka7 34. Qxf7 e5 35. Bxc6 e4 36. Rb1 Rd1+ 37. Rxd1 Qxd1+ 38. Kg2 Qe2 39. Qd5
Qf3+ 40. Kg1 Nd3 41. Qd4+ Ka8 42. Qd8+ 1-0

[Event "4NCL/Div2c/WWKS1 vs. SAMS"]
[Site "Sunningdale ENG"]
[Date "2010.05.01"]
[Round "9.4"]
[White "Rudolf, Anna"]
[Black "Clarke, Brandon GI"]
[Result "1-0"]
[WhiteElo "2293"]
[BlackElo "2058"]
[PlyCount "127"]
[EventDate "2010.05.01"]
[SourceDate "2009.10.24"]

1. e4 c5 2. Nf3 d6 3. d4 cxd4 4. Nxd4 Nf6 5. Nc3 a6 6. Be2 e5 7. Nb3 Be7 8. O-O
Be6 9. f4 Qc7 10. Be3 Nbd7 11. Kh1 b5 12. a3 O-O 13. f5 Bc4 14. Bg5 h6 15. Bh4
Rac8 16. Qe1 Nb6 17. Rd1 Rfd8 18. Bxc4 Qxc4 19. Rf3 Na4 20. Rb1 Kf8 21. Nd2 Qc6
22. Nf1 Nxc3 23. Rxc3 Qb7 24. Bxf6 Bxf6 25. Ng3 Bh4 26. Rxc8 Qxc8 27. Qe2 Bxg3
28. hxg3 Qc4 29. Qxc4 bxc4 30. b3 Rb8 31. Kg1 Ke7 32. Kf2 cxb3 33. Rxb3 Rc8 34.
c3 a5 35. Ke3 Kd7 36. Kd3 Kc6 37. Kc4 f6 38. Rb5 Ra8 39. Rd5 Ra7 40. a4 Ra6 41.
Rb5 Ra8 42. g4 Ra7 43. Rb8 Kc7 44. Rg8 Kc6 45. Rf8 Rc7 46. Rb8 Ra7 47. Kd3 Rc7
48. Ra8 Kb6 49. g3 Rd7 50. Kc4 Rc7+ 51. Kd3 Rd7 52. Kc4 Rc7+ 53. Kd5 Rxc3 54.
Rb8+ Ka7 55. Rg8 Rc7 56. Kxd6 Rb7 57. Rc8 Ka6 58. Rc6+ Ka7 59. Rc7 Kb6 60.
Rxb7+ Kxb7 61. Ke6 Kc6 62. Kf7 Kc5 63. Kxg7 Kb4 64. Kxf6 1-0

[Event "4NCL/Div2c/WWKS1 vs. SAMS"]
[Site "Sunningdale ENG"]
[Date "2010.05.01"]
[Round "9.5"]
[White "Galloway, Iain A"]
[Black "Krensing, Jan"]
[Result "1/2-1/2"]
[WhiteElo "2102"]
[BlackElo "2291"]
[PlyCount "75"]
[EventDate "2010.05.01"]
[SourceDate "2009.10.24"]

1. e4 e6 2. b3 d5 3. Bb2 dxe4 4. Nc3 Nf6 5. Qe2 Be7 6. Nxe4 c5 7. O-O-O Bd7 8.
d4 cxd4 9. Nf3 Nc6 10. Nxd4 Nxd4 11. Bxd4 Qc7 12. Nxf6+ Bxf6 13. Bxf6 Qf4+ 14.
Qd2 Qxd2+ 15. Rxd2 gxf6 16. Bd3 Bc6 17. f4 a5 18. a4 Ke7 19. Re1 h5 20. Be4
Bxe4 21. Rxe4 Rad8 22. Rc4 Rc8 23. Rcd4 Rhd8 24. Rxd8 Rxd8 25. Rxd8 Kxd8 26.
Kd2 f5 27. Ke3 Ke7 28. h3 f6 29. Kf3 e5 30. c3 Ke6 31. g3 Kd5 32. Ke3 Kc5 33.
Kf3 b5 34. axb5 Kxb5 35. fxe5 fxe5 36. g4 hxg4+ 37. hxg4 fxg4+ 38. Kxg4 1/2-1/2

[Event "4NCL/Div2c/WWKS1 vs. SAMS"]
[Site "Sunningdale ENG"]
[Date "2010.05.01"]
[Round "9.6"]
[White "Tweedie, Steven"]
[Black "Baruch, Andrew JD"]
[Result "0-1"]
[WhiteElo "2265"]
[BlackElo "2089"]
[PlyCount "82"]
[EventDate "2010.05.01"]
[SourceDate "2009.10.24"]

1. e4 Nf6 2. e5 Nd5 3. d4 d6 4. c4 Nb6 5. exd6 cxd6 6. Nc3 g6 7. Be3 Bg7 8. Rc1
O-O 9. Nf3 Bg4 10. h3 Bxf3 11. Qxf3 Nc6 12. c5 e5 13. dxe5 dxc5 14. Bxc5 Nxe5
15. Qxb7 Re8 16. Be3 Nd3+ 17. Bxd3 Qxd3 18. Rd1 Bxc3+ 19. bxc3 Qxc3+ 20. Kf1
Nc4 21. Qf3 Rad8 22. Rxd8 Rxd8 23. Kg1 Nxe3 24. Qxe3 Qxe3 25. fxe3 Rd1+ 26. Kh2
Rxh1+ 27. Kxh1 Kg7 28. Kg1 Kf6 29. Kf2 Ke5 30. Ke2 Ke4 31. Kd2 g5 32. Ke2 h5
33. Kd2 h4 34. Ke2 f6 35. Kd2 f5 36. a3 a6 37. Ke2 g4 38. Kd2 gxh3 39. gxh3 Kf3
40. Kd3 Kg3 41. e4 f4 0-1

[Event "4NCL/Div2c/WWKS1 vs. SAMS"]
[Site "Sunningdale ENG"]
[Date "2010.05.01"]
[Round "9.7"]
[White "Ingram, Keith R"]
[Black "Roberson, Peter T"]
[Result "1/2-1/2"]
[WhiteElo "2114"]
[BlackElo "2256"]
[PlyCount "92"]
[EventDate "2010.05.01"]
[SourceDate "2009.10.24"]

1. e4 e6 2. d4 d5 3. Nc3 Nc6 4. e5 f6 5. exf6 Nxf6 6. Nf3 Bd6 7. Bg5 Bd7 8. Bb5
O-O 9. O-O Qe8 10. Bxc6 bxc6 11. Ne5 Rb8 12. Rb1 c5 13. Bxf6 gxf6 14. Nxd7 Qxd7
15. dxc5 Bxc5 16. Ne4 Be7 17. c4 d4 18. Qd3 Kh8 19. Rfd1 e5 20. f3 f5 21. Ng3
Bg5 22. b3 Rbe8 23. Re1 Qe6 24. Nf1 c5 25. Ng3 Be3+ 26. Kh1 e4 27. Qe2 Bf4 28.
Nf1 Qh6 29. g3 Bd6 30. f4 Be7 31. Rbd1 Qc6 32. Qg2 Rg8 33. b4 Bf6 34. b5 Qe6
35. Rc1 Bd8 36. a4 Ba5 37. Red1 Rg4 38. Nd2 Bb4 39. Nb3 Rg7 40. Qb2 Bc3 41.
Rxc3 dxc3 42. Qxc3 Qe7 43. Rd5 e3 44. Nxc5 e2 45. Re5 Qd8 46. Kg2 Rxe5 1/2-1/2

[Event "4NCL/Div2c/WWKS1 vs. SAMS"]
[Site "Sunningdale ENG"]
[Date "2010.05.01"]
[Round "9.8"]
[White "Varnam, Liam D"]
[Black "Webster, Paul"]
[Result "1-0"]
[WhiteElo "2148"]
[BlackElo "2106"]
[PlyCount "91"]
[EventDate "2010.05.01"]
[SourceDate "2009.10.24"]

1. e4 d6 2. d4 g6 3. Nf3 Bg7 4. Bc4 e6 5. Bb3 Nc6 6. c3 Nge7 7. O-O O-O 8. Qe2
e5 9. dxe5 Nxe5 10. Nxe5 dxe5 11. f4 exf4 12. Bxf4 Nc6 13. Nd2 Qe7 14. Nf3 Ne5
15. Rad1 Bg4 16. Bxe5 Bxe5 17. Qb5 Bxf3 18. Rxf3 c6 19. Qc4 Kg7 20. Rfd3 Qh4
21. g3 Qg5 22. Rd7 Qe3+ 23. Kg2 b5 24. Rxf7+ Kh6 25. Qd3 Qxd3 26. Rxd3 Rxf7 27.
Bxf7 a5 28. Rd2 b4 29. cxb4 axb4 30. Rc2 Ra7 31. Bb3 Ra5 32. Kf3 Bd4 33. Rxc6
Bxb2 34. Rc7 Ra8 35. h4 Rf8+ 36. Kg4 Re8 37. Bd5 Bf6 38. Rb7 Bc3 39. Kh3 Rf8
40. g4 g5 41. h5 Rf3+ 42. Kg2 Rf4 43. Be6 b3 44. axb3 Rf8 45. Bf5 Bg7 46. e5
1-0

[Event "4NCL/Div2c/E2E41 vs. KHE"]
[Site "Sunningdale ENG"]
[Date "2010.05.01"]
[Round "9.1"]
[White "Tazbir, Marcin"]
[Black "McMichael, Richard J"]
[Result "1-0"]
[WhiteElo "2504"]
[BlackElo "2286"]
[PlyCount "79"]
[EventDate "2010.05.01"]
[SourceDate "2009.10.24"]

1. c4 e6 2. Nc3 d5 3. d4 f5 4. Bf4 Nf6 5. e3 c6 6. Qc2 Bd6 7. Nh3 O-O 8. Bd3
Na6 9. Bxd6 Qxd6 10. c5 Qe7 11. Bxa6 bxa6 12. f4 Rb8 13. Nf2 Ng4 14. Nxg4 fxg4
15. O-O-O Bd7 16. h3 g3 17. Ne2 e5 18. fxe5 Rf2 19. Rd2 Bf5 20. Qd1 Rxg2 21.
Rg1 Rxg1 22. Qxg1 Qb7 23. Nxg3 Bg6 24. Qf1 Qe7 25. Rf2 Qg5 26. Rf3 h5 27. Qf2
Kh7 28. Ne2 Be4 29. h4 Qd8 30. Rg3 Qe7 31. Rg5 Rf8 32. Nf4 g6 33. Qe1 Qb7 34.
Qa5 Rb8 35. b3 Rf8 36. Kb2 Qc8 37. Qe1 Rf5 38. Qg3 Rxg5 39. Qxg5 a5 40. Qe7+
1-0

[Event "4NCL/Div2c/E2E41 vs. KHE"]
[Site "Sunningdale ENG"]
[Date "2010.05.01"]
[Round "9.2"]
[White "Kwiatkowski, Feliks J"]
[Black "Madan, Augustin"]
[Result "1/2-1/2"]
[WhiteElo "2242"]
[BlackElo "2362"]
[PlyCount "43"]
[EventDate "2010.05.01"]
[SourceDate "2009.10.24"]

1. e4 e6 2. d4 d5 3. Nd2 Nf6 4. e5 Nfd7 5. Bd3 c5 6. c3 Nc6 7. Ne2 cxd4 8. cxd4
Nb6 9. f4 g6 10. O-O Bd7 11. Nf3 h5 12. a3 a5 13. Nc3 a4 14. Be3 Na5 15. Qe2
Nbc4 16. Bf2 Be7 17. h3 Qb6 18. Rab1 Bc6 19. Qc2 Qb3 20. Qc1 Qb6 21. Qc2 Qb3
22. Qc1 1/2-1/2

[Event "4NCL/Div2c/E2E41 vs. KHE"]
[Site "Sunningdale ENG"]
[Date "2010.05.01"]
[Round "9.3"]
[White "Mures, Cristian"]
[Black "Wittmann, Jochen"]
[Result "1/2-1/2"]
[WhiteElo "2238"]
[BlackElo "2266"]
[PlyCount "40"]
[EventDate "2010.05.01"]
[SourceDate "2009.10.24"]

1. d4 f5 2. e4 fxe4 3. Nc3 Nf6 4. Bg5 Nc6 5. f3 d5 6. fxe4 dxe4 7. d5 Ne5 8.
Qd4 Nf7 9. Bxf6 exf6 10. Nxe4 f5 11. Nc3 g6 12. O-O-O Bh6+ 13. Kb1 O-O 14. Nf3
Bg7 15. Qd2 Qf6 16. Qd4 Qe7 17. Qd2 Nd6 18. Bd3 Qf6 19. Rhe1 b5 20. Qg5 Bd7
1/2-1/2

[Event "4NCL/Div2c/E2E41 vs. KHE"]
[Site "Sunningdale ENG"]
[Date "2010.05.01"]
[Round "9.4"]
[White "Thomas, Rik H"]
[Black "Eden, Tomer"]
[Result "1/2-1/2"]
[WhiteElo "2220"]
[BlackElo "2197"]
[PlyCount "80"]
[EventDate "2010.05.01"]
[SourceDate "2009.10.24"]

1. Nf3 Nf6 2. g3 d5 3. d4 e6 4. Bg2 Be7 5. O-O O-O 6. c4 dxc4 7. Na3 Bxa3 8.
bxa3 Bd7 9. Ne5 Nc6 10. Nxc4 b5 11. Ne3 Rb8 12. Bb2 Ne7 13. Rc1 Ned5 14. Qb3 a5
15. Nxd5 exd5 16. Rfe1 c6 17. f3 Ne8 18. e4 Nd6 19. exd5 cxd5 20. Qxd5 Nc4 21.
Ba1 Nxa3 22. Qc5 b4 23. d5 Re8 24. Qd4 f6 25. Rxe8+ Qxe8 26. Bf1 Rc8 27. Bb2
Nc2 28. Qf2 Bf5 29. g4 Bg6 30. h4 Na3 31. Bxa3 bxa3 32. Rxc8 Qxc8 33. Qb6 Bf7
34. Qxa5 Qb8 35. Kg2 h5 36. g5 Qb2+ 37. Kg1 Qd4+ 38. Kg2 Bxd5 39. Qxa3 Qg4+ 40.
Kf2 Qxh4+ 1/2-1/2

[Event "4NCL/Div2c/E2E41 vs. KHE"]
[Site "Sunningdale ENG"]
[Date "2010.05.01"]
[Round "9.5"]
[White "Sugden, John N"]
[Black "Okike, David C"]
[Result "1/2-1/2"]
[WhiteElo "2212"]
[BlackElo "2188"]
[PlyCount "43"]
[EventDate "2010.05.01"]
[SourceDate "2009.10.24"]

1. d4 Nf6 2. c4 e6 3. Nc3 Bb4 4. a3 Bxc3+ 5. bxc3 c5 6. f3 d6 7. e4 Nc6 8. Be3
b6 9. Bd3 e5 10. Ne2 O-O 11. d5 Na5 12. Ng3 h6 13. O-O Bd7 14. Nf5 Bxf5 15.
exf5 Qe7 16. Re1 Rfe8 17. Ra2 Qf8 18. Bf1 Kh7 19. g4 Ng8 20. Rg2 f6 21. Bc1 Re7
22. Bd3 1/2-1/2

[Event "4NCL/Div2c/E2E41 vs. KHE"]
[Site "Sunningdale ENG"]
[Date "2010.05.01"]
[Round "9.6"]
[White "Stevenson, James AB"]
[Black "Jackson, James P"]
[Result "1/2-1/2"]
[WhiteElo "2097"]
[BlackElo "2102"]
[PlyCount "92"]
[EventDate "2010.05.01"]
[SourceDate "2009.10.24"]

1. Nf3 Nf6 2. c4 e6 3. Nc3 c5 4. g3 b6 5. Bg2 Bb7 6. O-O d6 7. b3 a6 8. Bb2 Be7
9. e3 O-O 10. Qe2 Nbd7 11. Rfd1 Qc7 12. Rac1 Rfe8 13. d4 cxd4 14. Nxd4 Rac8 15.
e4 Bf8 16. h3 Qb8 17. g4 d5 18. g5 Nxe4 19. Nxe4 dxe4 20. Nxe6 Rxe6 21. Rxd7
Bc6 22. Rd2 e3 23. fxe3 Qg3 24. Bd4 Qxg5 25. Qg4 Qh6 26. Qf4 Qxf4 27. exf4 Rd8
28. Bxc6 Rxc6 29. Be3 Rxd2 30. Bxd2 f5 31. Be3 Kf7 32. Kf2 Bc5 33. Bxc5 Rxc5
34. Rd1 Rc6 35. Rd7+ Kf6 36. Rb7 a5 37. Ke3 h6 38. Rb8 Re6+ 39. Kf3 Kf7 40. c5
bxc5 41. Rc8 a4 42. Rxc5 axb3 43. axb3 Rb6 44. Rxf5+ Kg6 45. Rc5 Rxb3+ 46. Kg4
Rb6 1/2-1/2

[Event "4NCL/Div2c/E2E41 vs. KHE"]
[Site "Sunningdale ENG"]
[Date "2010.05.01"]
[Round "9.7"]
[White "Bonafont, Philip R"]
[Black "Mackenzie, Colin"]
[Result "1-0"]
[WhiteElo "2115"]
[BlackElo "2120"]
[PlyCount "73"]
[EventDate "2010.05.01"]
[SourceDate "2009.10.24"]

1. d4 e6 2. Nf3 Nf6 3. c4 b6 4. g3 Ba6 5. Qc2 Bb7 6. Bg2 c5 7. d5 exd5 8. cxd5
Nxd5 9. O-O d6 10. Rd1 Nd7 11. Ng5 Nb4 12. Qb3 d5 13. a3 Be7 14. Nxf7 Kxf7 15.
axb4 c4 16. Qc2 Nf6 17. Nc3 Qd7 18. Nxd5 Bxd5 19. Bxd5+ Nxd5 20. Qxc4 Rhd8 21.
e4 Rac8 22. Qxd5+ Qe6 23. Qxe6+ Kxe6 24. Rxd8 Rxd8 25. Be3 Rd7 26. b5 Bf6 27.
Ra2 Ke5 28. f3 Rd3 29. Ra3 Rd1+ 30. Kg2 Rb1 31. b3 Rb2+ 32. Kh3 Kd6 33. f4 Bd8
34. Bd4 Re2 35. Bxg7 Rxe4 36. Rxa7 Bc7 37. Be5+ 1-0

[Event "4NCL/Div2c/E2E41 vs. KHE"]
[Site "Sunningdale ENG"]
[Date "2010.05.01"]
[Round "9.8"]
[White "Haria, Ravi"]
[Black "Norinkeviciute, Rasa"]
[Result "0-1"]
[WhiteElo "1863"]
[BlackElo "2025"]
[PlyCount "108"]
[EventDate "2010.05.01"]
[SourceDate "2009.10.24"]

1. e4 g6 2. d4 Bg7 3. Nc3 d6 4. Be3 a6 5. Qd2 Nd7 6. h4 h5 7. Nh3 b5 8. Ng5 e6
9. a4 b4 10. Ne2 a5 11. Nf4 Nf8 12. Bc4 Nf6 13. f3 d5 14. Bb5+ Bd7 15. exd5
Nxd5 16. Nxd5 exd5 17. Bd3 Ne6 18. Nxe6 Bxe6 19. O-O-O Qd6 20. Rhe1 O-O-O 21.
Qe2 Kb7 22. Bg5 Rde8 23. Qf2 Bd7 24. b3 Qb6 25. Bf1 Bxd4 26. Rxe8 Bxf2 27. Rxh8
Qc5 28. Bd3 Qc3 29. Rd8 Be6 30. Rf1 Qd4 31. Kd1 Bxh4 32. Bxh4 Qxh4 33. Re8 Qd4
34. Ke2 g5 35. Re1 h4 36. Rh1 Qf4 37. Rf1 Qg3 38. Rf2 Qf4 39. Rf1 h3 40. gxh3
Qh2+ 41. Rf2 Qxh3 42. Rg8 Qg3 43. Re8 c6 44. Rg8 Kb6 45. Ra8 Kc5 46. Rxa5+ Kd4
47. Ra6 g4 48. fxg4 Bxg4+ 49. Kf1 Bh3+ 50. Ke2 Qe3+ 51. Kd1 Qxf2 52. Rxc6 Qg1+
53. Kd2 Bg4 54. Be2 Qe3+ 0-1

[Event "4NCL/Div2c/CHED vs. AMCAD"]
[Site "Sunningdale ENG"]
[Date "2010.05.01"]
[Round "9.1"]
[White "Arkell, Keith C"]
[Black "Croad, Nicolas"]
[Result "1-0"]
[WhiteElo "2474"]
[BlackElo "2288"]
[PlyCount "73"]
[EventDate "2010.05.01"]
[SourceDate "2009.10.24"]

1. d4 Nf6 2. Nf3 e6 3. c4 d5 4. cxd5 exd5 5. Nc3 c6 6. Bg5 Be7 7. e3 Bf5 8.
Bxf6 Bxf6 9. Bd3 Bxd3 10. Qxd3 Nd7 11. b4 a6 12. a4 Be7 13. Rb1 b5 14. a5 O-O
15. O-O Bd6 16. Ne2 Qe7 17. Qb3 Nf6 18. Rfc1 Rac8 19. Rc2 Rc7 20. Nc1 Ne4 21.
Nd3 f6 22. Rbc1 Qe6 23. Nd2 f5 24. Nf3 f4 25. exf4 Bxf4 26. Nxf4 Rxf4 27. Ne5
Nd6 28. Nxc6 Nc4 29. Qg3 Qf5 30. Nb8 Re7 31. h3 Re6 32. f3 Rg6 33. Qh2 h6 34.
Nd7 Rxf3 35. Qb8+ Kh7 36. Ne5 Qf4 37. Qh8+ 1-0

[Event "4NCL/Div2c/CHED vs. AMCAD"]
[Site "Sunningdale ENG"]
[Date "2010.05.01"]
[Round "9.2"]
[White "Webb, Richard M"]
[Black "Gormally, Daniel W"]
[Result "1/2-1/2"]
[WhiteElo "2260"]
[BlackElo "2491"]
[PlyCount "60"]
[EventDate "2010.05.01"]
[SourceDate "2009.10.24"]

1. e4 c5 2. f4 d5 3. exd5 Nf6 4. Bb5+ Nbd7 5. c4 a6 6. Bxd7+ Bxd7 7. Nf3 e6 8.
dxe6 Bxe6 9. d3 Qd6 10. O-O O-O-O 11. Nc3 Qxd3 12. Qxd3 Rxd3 13. Ne5 Rd8 14. f5
Bd6 15. fxe6 Bxe5 16. exf7 Rhf8 17. Bg5 Rxf7 18. Rae1 Bd4+ 19. Be3 Bxc3 20.
bxc3 b6 21. Bg5 Rd6 22. Re3 Kb7 23. h3 a5 24. a4 Ka6 25. Bxf6 gxf6 26. Ref3 Re6
27. Rf5 Re3 28. R1f3 Re1+ 29. Rf1 Re3 30. R1f3 Re1+ 1/2-1/2

[Event "4NCL/Div2c/CHED vs. AMCAD"]
[Site "Sunningdale ENG"]
[Date "2010.05.01"]
[Round "9.3"]
[White "Bellin, Robert"]
[Black "Frostick, Clive A"]
[Result "1/2-1/2"]
[WhiteElo "2373"]
[BlackElo "2160"]
[PlyCount "171"]
[EventDate "2010.05.01"]
[SourceDate "2009.10.24"]

1. Nf3 d5 2. g3 Nf6 3. Bg2 e6 4. O-O c5 5. d3 b6 6. c4 Bb7 7. Ne5 Be7 8. Qa4+
Nfd7 9. Nc3 O-O 10. Nxd7 Bc6 11. Qd1 Qxd7 12. cxd5 exd5 13. d4 Rd8 14. e3 Na6
15. Qe2 Nc7 16. Rd1 Qe6 17. Qc2 Rac8 18. Ne2 Qg6 19. Qxg6 hxg6 20. dxc5 bxc5
21. Bd2 Bf6 22. Bc3 Ne6 23. Bxf6 gxf6 24. Rac1 d4 25. exd4 Bxg2 26. Kxg2 cxd4
27. Rxc8 Rxc8 28. Rd2 d3 29. Nc3 Rd8 30. f3 f5 31. b4 Rd4 32. a3 f4 33. Kf2 g5
34. Nd1 a5 35. bxa5 Ra4 36. Rxd3 Rxa5 37. Ke2 Kg7 38. Nf2 f5 39. g4 Kf6 40.
gxf5 Kxf5 41. h3 Nc7 42. Kd2 Kg6 43. Ke1 Kh5 44. Ng4 Kh4 45. Kf2 Rc5 46. Kg2
Nd5 47. Rd2 Ne3+ 48. Nxe3 fxe3 49. Rd4+ Kh5 50. Re4 Rc3 51. a4 Ra3 52. Kg3 e2
53. Rxe2 Rxa4 54. Re4 Ra3 55. Re5 Ra4 56. Re4 Ra3 57. h4 gxh4+ 58. Rxh4+ Kg5
59. Rh8 Rb3 60. Ra8 Rb5 61. f4+ Kf5 62. Rf8+ Kg6 63. Rg8+ Kf6 64. Kg4 Ra5 65.
Rf8+ Kg6 66. f5+ Kg7 67. Rb8 Kf6 68. Rb6+ Kf7 69. Kg5 Ra7 70. Rh6 Ra5 71. Rh7+
Kg8 72. Rb7 Ra6 73. Rc7 Kf8 74. Rh7 Rb6 75. Ra7 Rc6 76. f6 Rc1 77. Ra4 Rg1+ 78.
Rg4 Rxg4+ 79. Kxg4 Kf7 80. Kf5 Kf8 81. Ke6 Ke8 82. Kf5 Kf7 83. Kg5 Kf8 84. Kg6
Kg8 85. f7+ Kf8 86. Kf6 1/2-1/2

[Event "4NCL/Div2c/CHED vs. AMCAD"]
[Site "Sunningdale ENG"]
[Date "2010.05.01"]
[Round "9.4"]
[White "Coates, Kenneth G"]
[Black "Hawkins, Jonathan"]
[Result "0-1"]
[WhiteElo "2220"]
[BlackElo "2410"]
[PlyCount "98"]
[EventDate "2010.05.01"]
[SourceDate "2009.10.24"]

1. d4 Nf6 2. Nf3 g6 3. Nc3 d5 4. Bf4 Bg7 5. Qd2 Ne4 6. Nxe4 dxe4 7. Ne5 Nd7 8.
Nxd7 Qxd7 9. e3 O-O 10. Qc3 c6 11. Be2 b6 12. O-O c5 13. Rad1 Qf5 14. Be5 Bxe5
15. dxe5 Be6 16. Rd2 h5 17. Rfd1 Rac8 18. Bb5 c4 19. Bd7 Rc5 20. Bxe6 Qxe6 21.
Rd8 Rxd8 22. Rxd8+ Kh7 23. Qd4 Qxe5 24. Kf1 Kg7 25. Rd7 Qxd4 26. Rxd4 e5 27.
Rd7 Ra5 28. a3 Rb5 29. Rc7 Rxb2 30. Rxc4 Kf6 31. Ke2 Kf5 32. Kd2 f6 33. Rc7 a5
34. Rc3 Rb1 35. Rb3 Rh1 36. h3 Rh2 37. g4+ Kg5 38. Ke2 Rxh3 39. gxh5 gxh5 40.
Rxb6 Rh1 41. Ra6 h4 42. Rxa5 Rc1 43. Ra8 Rxc2+ 44. Ke1 Kg4 45. a4 Kf3 46. Rh8
Re2+ 47. Kd1 Rxf2 48. Rxh4 Kxe3 49. Rh3+ Rf3 0-1

[Event "4NCL/Div2c/CHED vs. AMCAD"]
[Site "Sunningdale ENG"]
[Date "2010.05.01"]
[Round "9.5"]
[White "Wallace, Paul A"]
[Black "Turner, Caius AW"]
[Result "1/2-1/2"]
[WhiteElo "2234"]
[BlackElo "2122"]
[PlyCount "37"]
[EventDate "2010.05.01"]
[SourceDate "2009.10.24"]

1. e4 d6 2. d4 Nf6 3. Nc3 g6 4. Be2 Bg7 5. Be3 c6 6. a4 Nbd7 7. Qd2 Qa5 8. g4
b5 9. b4 Qxb4 10. g5 Nh5 11. axb5 c5 12. Ra4 Qb2 13. Nf3 Nb6 14. Ra2 Qb4 15.
O-O Nc4 16. Qd3 Nb2 17. Qd2 Nc4 18. Qd3 Nb2 19. Qd2 1/2-1/2

[Event "4NCL/Div2c/CHED vs. AMCAD"]
[Site "Sunningdale ENG"]
[Date "2010.05.01"]
[Round "9.6"]
[White "Hart, David PO"]
[Black "McKenna, Jason P"]
[Result "1-0"]
[WhiteElo "2012"]
[BlackElo "2114"]
[PlyCount "61"]
[EventDate "2010.05.01"]
[SourceDate "2009.10.24"]

1. e4 g6 2. d4 Bg7 3. Nc3 d6 4. f4 c6 5. Nf3 Bg4 6. Be3 Qb6 7. Qd2 Bxf3 8. gxf3
Nd7 9. O-O-O Qa5 10. Kb1 Ngf6 11. Bh3 O-O-O 12. d5 c5 13. e5 Nh5 14. Ne4 Qxd2
15. Rxd2 dxe5 16. fxe5 Bxe5 17. Nxc5 f5 18. Ne6 Rde8 19. Rc1 Ng7 20. Nxg7 Bxg7
21. c4 b6 22. b4 Kb7 23. c5 Ne5 24. Bg2 f4 25. Bxf4 Rhf8 26. Be3 Nxf3 27. Rf2
Bd4 28. Rxf3 Rxf3 29. Bxd4 Rf5 30. d6+ Kb8 31. Bc6 1-0

[Event "4NCL/Div2c/CHED vs. AMCAD"]
[Site "Sunningdale ENG"]
[Date "2010.05.01"]
[Round "9.7"]
[White "Jackson, Sheila"]
[Black "Purdon, Colin"]
[Result "1/2-1/2"]
[WhiteElo "2160"]
[BlackElo "2067"]
[PlyCount "58"]
[EventDate "2010.05.01"]
[SourceDate "2009.10.24"]

1. e4 Nf6 2. e5 Nd5 3. d4 d6 4. Nf3 dxe5 5. Nxe5 g6 6. Bc4 c6 7. O-O Bg7 8. Re1
O-O 9. Bb3 Be6 10. Nd2 Nd7 11. Nef3 Bg4 12. h3 Bxf3 13. Nxf3 e6 14. Bg5 Qc7 15.
Qd2 a5 16. a4 Rfe8 17. c3 Bf6 18. Bxf6 N5xf6 19. Qh6 Qb6 20. Ra3 c5 21. Re2
Rac8 22. Bd1 Qd6 23. Ra1 e5 24. dxe5 Nxe5 25. Nxe5 Rxe5 26. Rxe5 Qxe5 27. Bf3
b6 28. Rd1 Re8 29. Qd2 Re6 1/2-1/2

[Event "4NCL/Div2c/CHED vs. AMCAD"]
[Site "Sunningdale ENG"]
[Date "2010.05.01"]
[Round "9.8"]
[White "Holland, James P"]
[Black "Bennett, Patrick J"]
[Result "1-0"]
[WhiteElo "1973"]
[BlackElo "2093"]
[PlyCount "101"]
[EventDate "2010.05.01"]
[SourceDate "2009.10.24"]

1. Nf3 Nf6 2. b3 g6 3. Bb2 Bg7 4. c4 d6 5. g3 O-O 6. Bg2 e5 7. O-O Nc6 8. d4
Nd7 9. d5 Ne7 10. e4 Nc5 11. Nc3 f5 12. exf5 Bxf5 13. Ne1 Qd7 14. b4 Na6 15. a3
Bh3 16. Ne4 Bxg2 17. Kxg2 Qf5 18. Qd3 Rad8 19. Bc1 h6 20. f3 Qd7 21. Be3 c6 22.
dxc6 bxc6 23. c5 d5 24. Qxa6 Nf5 25. Bf2 dxe4 26. fxe4 Nd4 27. Qc4+ Kh7 28. h3
Qf7 29. Qxf7 Rxf7 30. Rd1 Rdf8 31. a4 h5 32. h4 Bh6 33. Nd3 Nc2 34. Bg1 Rd7 35.
Nxe5 Rxd1 36. Rxd1 Nxb4 37. Rd7+ Bg7 38. Bd4 Nc2 39. Nxc6 Nxd4 40. Nxd4 Re8 41.
c6 Rc8 42. Ne6 Rxc6 43. Rxg7+ Kh8 44. Rxg6 Ra6 45. Nf4 Rxa4 46. e5 a5 47. e6
Re4 48. Rg5 a4 49. Kf3 Re1 50. e7 a3 51. Ne2 1-0

[Event "4NCL/Div2c/PPA2 vs. BARY"]
[Site "Sunningdale ENG"]
[Date "2010.05.01"]
[Round "9.1"]
[White "Goodger, Martyn"]
[Black "Sands, David A"]
[Result "1/2-1/2"]
[WhiteElo "2141"]
[BlackElo "2252"]
[PlyCount "46"]
[EventDate "2010.05.01"]
[SourceDate "2009.10.24"]

1. e4 c5 2. c3 d5 3. exd5 Qxd5 4. d4 Nf6 5. Nf3 e6 6. Be3 cxd4 7. cxd4 Bb4+ 8.
Nc3 Bd7 9. Bd3 Bb5 10. O-O Bxc3 11. bxc3 O-O 12. Bxb5 Qxb5 13. Qb3 Qa6 14. Rab1
b6 15. c4 Nbd7 16. Rbc1 Rac8 17. a4 Rc6 18. Rc2 Rfc8 19. Rfc1 h6 20. Qb5 Qb7
21. Qb3 Qa6 22. Qb5 Qb7 23. Qb3 Qa6 1/2-1/2

[Event "4NCL/Div2c/PPA2 vs. BARY"]
[Site "Sunningdale ENG"]
[Date "2010.05.01"]
[Round "9.2"]
[White "Twyble, Michael S"]
[Black "Winfridsson, Ola"]
[Result "1-0"]
[WhiteElo "2264"]
[BlackElo "2133"]
[PlyCount "69"]
[EventDate "2010.05.01"]
[SourceDate "2009.10.24"]

1. d4 Nf6 2. c4 e6 3. Nf3 Bb4+ 4. Bd2 Qe7 5. g3 Nc6 6. Nc3 Bxc3 7. Bxc3 Ne4 8.
Rc1 Nxc3 9. Rxc3 d6 10. Bg2 O-O 11. d5 Nd8 12. O-O e5 13. Nd2 f5 14. c5 Nf7 15.
cxd6 cxd6 16. Qb3 b6 17. Qa3 Bb7 18. Rfc1 Rfc8 19. e4 Qg5 20. Nc4 fxe4 21. Ne3
Rxc3 22. Rxc3 Qd8 23. Bxe4 Ng5 24. Bg2 Qf6 25. h4 Nf3+ 26. Bxf3 Qxf3 27. Qxd6
Rf8 28. Rc2 h5 29. Qxe5 Ba6 30. Qd4 Be2 31. Ng2 Bd3 32. Ne1 Qd1 33. Qxd3 Qxe1+
34. Kg2 Qb1 35. b3 1-0